000 00302nam a22001337a 4500
008 181011b xxu||||| |||| 00| 0 eng d
020 _a0070431868
041 _aeng
080 _a311
100 _a55
101 _aSTA
245 _aMultivariate Statistical Methods
_cMorrison,D,F
942 _2udc
_cBK
999 _c49343
_d49343